| 000 | 00520nam a2200145Ia 4500 | ||
|---|---|---|---|
| 008 | 100204s9999 xx 000 0 und d | ||
| 082 | _b13723 | ||
| 100 | _aजोगळेकर योगिनी | ||
| 245 | _aशेळी गेली जिवानिशी | ||
| 260 |
_b"उदयदीप प्रकाशन , मुंबई" _c1984 |
||
| 300 | _a195 | ||
| 630 | _aशेळी गेली जिवानिशी | ||
| 730 | _aशेळी गेली जिवानिशी | ||
| 942 | _cBOOK | ||
| 999 |
_c458155 _d458152 |
||